Dis plugh 50-80 ph for tractors; នង្គ័លថាស ៣៧ សំរាប់បំពាក់ជាមួយត្រាក់មួយត្រាក់ទ័រពី ៥០-៨០ សេះ (Record no. 9208)

000 -LEADER
fixed length control field 00380nam a22001097a 4500
040 ## - CATALOGING SOURCE
Transcribing agency SK
082 ## - DEWEY DECIMAL CLASSIFICATION NUMBER
Classification number 629
100 ## - MAIN ENTRY--AUTHOR NAME
Personal name NA
245 ## - TITLE STATEMENT
Title Dis plugh 50-80 ph for tractors; នង្គ័លថាស ៣៧ សំរាប់បំពាក់ជាមួយត្រាក់មួយត្រាក់ទ័រពី ៥០-៨០ សេះ
260 ## - PUBLICATION, DISTRIBUTION, ETC. (IMPRINT)
Place of publication RUA
Name of publisher NA
Year of publication 2003
942 ## - ADDED ENTRY ELEMENTS (KOHA)
Koha item type សៀវភៅភាសាខ្មែរ
952 ## - LOCATION AND ITEM INFORMATION (KOHA)
Withdrawn status [LOCAL, KOHA] 0
Holdings
Permanent Location Date acquired Koha item type Lost status Shelving location Barcode Current Location Full call number
Library Block B2016-08-26សៀវភៅភាសាខ្មែរ C252RUA046918Library Block B629 NA 2003 C252
មជ្ឈមណ្ឌលឯការនៃសាកលវិទ្យាល័យភូមិន្ទកសិកម្មចំការដូង

Powered by Koha